Online
Catalog

Mensaje que al honorable Congreso Nacional presenta al ciudadano presidente de la República de su ejercicio administrativo del año 1926. (Record no. 31741)

MARC details
000 -CABECERA
campo de control de longitud fija 00555nam a2200157 a 4500
001 - NÚMERO DE CONTROL
campo de control 000032250
005 - FECHA Y HORA DE LA ÚLTIMA TRANSACCIÓN
campo de control 20200930063546.0
008 - DATOS DE LONGITUD FIJA--INFORMACIÓN GENERAL
campo de control de longitud fija 110406s1927 dr ac 000 0 spa d
040 ## - FUENTE DE LA CATALOGACIÓN
Centro catalogador/agencia de origen DO-SdBNP
Lengua de catalogación spa
Centro/agencia transcriptor BNPHU
082 ## - NÚMERO DE LA CLASIFICACIÓN DECIMAL DEWEY
Número de clasificación xxx
Número de documento/Ítem R426m
049 ## - FONDOS LOCALES (OCLC)
Fondos de biblioteca BNPD
110 1# - ENTRADA PRINCIPAL--NOMBRE DE ENTIDAD CORPORATIVA
Nombre de entidad corporativa o nombre de jurisdicción como elemento de entrada República Dominicna
9 (RLIN) 58310
245 10 - MENCIÓN DE TÍTULO
Título Mensaje que al honorable Congreso Nacional presenta al ciudadano presidente de la República de su ejercicio administrativo del año 1926.
260 ## - PUBLICACIÓN, DISTRIBUCIÓN, ETC.
Lugar de publicación, distribución, etc. Santo Domingo :
Nombre del editor, distribuidor, etc. Imp. J. R. vda García,
Fecha de publicación, distribución, etc. 1927.
300 ## - DESCRIPCIÓN FÍSICA
Extensión 311 p. :
Otras características físicas il., retrs. ;
Dimensiones 30 cm.
Holdings
Estado de retiro Estado de pérdida Restricciones de uso No para préstamo Código de colección Localización permanente Ubicación/localización actual Ubicación en estantería Fecha de adquisición Número de inventario Total de préstamos Signatura topográfica completa Código de barras Fecha visto por última vez Precio válido a partir de Tipo de ítem Koha Nota pública Número de copia
      Excluido de préstamo Raros y valiosos Patrimonio Dominicano Patrimonio Dominicano En catalogación 13.07.2011 LF1   xxx R426m 32250-10 25.06.2020 25.06.2020 No se presta Perteneció a la biblioteca personal de Julio Ortega Frier.  
      Excluido de préstamo Raros y valiosos Patrimonio Dominicano Patrimonio Dominicano En catalogación 25.07.2011 LF1   xxx R426m 32250-20 25.06.2020 25.06.2020 No se presta Perteneció a la biblioteca personal de Julio Ortega Frier. e. 2

Powered by Koha